Normal view
MARC view
- Differentialekvationer
Entry Topical Term
001 - CONTROL NUMBER
- control field: 103262
003 - CONTROL NUMBER IDENTIFIER
- control field: NUST
005 - DATE AND TIME OF LATEST TRANSACTION
- control field: 20221121120747.0
008 - FIXED-LENGTH DATA ELEMENTS
- fixed length control field: 221121|| aca||aabn | a|a d
040 ## - CATALOGING SOURCE
- Original cataloging agency: NUST
- Transcribing agency: NUST
150 ## - HEADING--TOPICAL TERM
- Topical term or geographic name entry element: Differentialekvationer
670 ## - SOURCE DATA FOUND
- Source citation: Work cat.: (NUST)189576: Boyce, William E. 8580, Elementary differential equations and boundary value problems / , cop. 1992
